000 00669nam a2200217Ia 4500
003 OSt
005 20220916111048.0
006 a|||||r|||| 00| 0
007 ta
008 Pun
024 _a245790
037 _cTextbook
040 _bPun
_aARTS
_cARTS
041 _aPun
082 _aY:5.243, 153M1
245 0 _aਪੰਜਾਬ ਸਰਕਾਰ ਦੇ ਕਰਮਚਾਰੀਆਂ ਦੀ ਗਣਨਾ ਬਾਬਤ ਰਿਪੋਰਟ
260 _aਚੰਡੀਗੜਸ਼
_bਆਰਥਿਕ ਸਲਾਹਕਾਰ ਪੰਜਾਬ ਸਰਕਾਰ
_c1981
300 _a85ਪੰ
_ccm.
942 _hY:5.243, 153M1
_cTB
_2CC
999 _c104808
_d104808